Das Spektakel der Auktion : die Gründung des Hôtel Drouot und die Entwicklung des Pariser Kunstmarkts im 19. Jahrhundert
Saved in:
| Main Author: | |
|---|---|
| Document Type: | Thesis Book |
| Language: | German |
| Published: |
Paris
: Deutsches Forum für Kunstgeschichte
, [2020]
Paris : Éditions de la Maison des sciences de l'homme , [2020] Zürich ; Berlin ; Paris : DIAPHANES , [2020] |
| Series: | Passagen
Band 60 |
| Subjects: | |
| Online Access: | Inhaltstext Inhaltsverzeichnis |
| Related Items: | Erscheint auch als:
Das Spektakel der Auktion Rezensiert in: [Rezension von: Lukas Fuchsgruber, Das Spektakel der Auktion. Die Gründung des Hôtel Drouot und die Entwicklung des Pariser Kunstmarkts im 19. Jahrhundert] |
| Author Notes: | Lukas Fuchsgruber |
| LEADER | 04746cam a2200973 c 4500 | ||
|---|---|---|---|
| 001 | 1698206844 | ||
| 003 | DE-627 | ||
| 005 | 20251226183940.0 | ||
| 007 | tu | ||
| 008 | 200513s2020 fr ||||| m 00| ||ger c | ||
| 015 | |a 20,N20 |2 dnb | ||
| 016 | 7 | |a 1209821559 |2 DE-101 | |
| 020 | |a 9783035803495 |q : EUR 30.00 (DE), EUR 30.90 (AT), CHF 40.00 (freier Preis) |9 978-3-0358-0349-5 | ||
| 020 | |a 9782735127030 |q Éditions de la MSH |9 978-2-7351-2703-0 | ||
| 024 | 3 | |a 9783035803495 | |
| 035 | |a (DE-627)1698206844 | ||
| 035 | |a (DE-599)DNB1209821559 | ||
| 035 | |a (OCoLC)1226331140 | ||
| 040 | |a DE-627 |b ger |c DE-627 |e rda | ||
| 041 | |a ger | ||
| 044 | |c XA-FR |c XA-CH | ||
| 072 | 7 | |a Kunstgeschichte: 19. Jahrhundert |2 bicssc | |
| 082 | 0 | |a 702.944361 |q DE-101 | |
| 082 | 0 | 4 | |a 700 |a 380 |q DE-101 |
| 084 | |a KUNST |q DE-16 |2 fid | ||
| 084 | |a LH 60100 |q DE-25/sred21 |2 rvk |0 (DE-625)rvk/94169: | ||
| 084 | |a 20.14 |2 bkl | ||
| 100 | 1 | |a Fuchsgruber, Lukas |e VerfasserIn |0 (DE-588)1117749967 |0 (DE-627)871653974 |0 (DE-576)479079978 |4 aut | |
| 245 | 1 | 4 | |a Das Spektakel der Auktion |b die Gründung des Hôtel Drouot und die Entwicklung des Pariser Kunstmarkts im 19. Jahrhundert |c Lukas Fuchsgruber |
| 246 | 3 | 3 | |a Kunstauktionen im 19. Jahrhundert |
| 264 | 1 | |a Paris |b Deutsches Forum für Kunstgeschichte |c [2020] | |
| 264 | 1 | |a Paris |b Éditions de la Maison des sciences de l'homme |c [2020] | |
| 264 | 1 | |a Zürich |a Berlin |a Paris |b DIAPHANES |c [2020] | |
| 264 | 4 | |c © 2020 | |
| 300 | |a 225 Seiten |b Illustrationen | ||
| 336 | |a Text |b txt |2 rdacontent | ||
| 337 | |a ohne Hilfsmittel zu benutzen |b n |2 rdamedia | ||
| 338 | |a Band |b nc |2 rdacarrier | ||
| 490 | 1 | |a Schriftenreihe Passages |v Band 60 | |
| 500 | |a Literaturverzeichnis: Seite 207-218 | ||
| 502 | |b Dissertation |c Technische Universität Berlin |d 2018 | ||
| 583 | 1 | |a Archivierung/Langzeitarchivierung gewährleistet |f FID |x XA-DE-BW |2 pdager |5 DE-16 | |
| 655 | 7 | |a Hochschulschrift |0 (DE-588)4113937-9 |0 (DE-627)105825778 |0 (DE-576)209480580 |2 gnd-content | |
| 689 | 0 | 0 | |d b |0 (DE-588)1005130-2 |0 (DE-627)103052003 |0 (DE-576)191160326 |a Hôtel Drouot |2 gnd |
| 689 | 0 | 1 | |d s |0 (DE-588)4020642-7 |0 (DE-627)106317261 |0 (DE-576)208934243 |a Gründung |2 gnd |
| 689 | 0 | 2 | |a z |2 gnd |a Geschichte |
| 689 | 0 | |5 DE-101 | |
| 689 | 1 | 0 | |d g |0 (DE-588)4044660-8 |0 (DE-627)106204734 |0 (DE-576)209061790 |a Paris |2 gnd |
| 689 | 1 | 1 | |d s |0 (DE-588)4033647-5 |0 (DE-627)104476397 |0 (DE-576)209002956 |a Kunsthandel |2 gnd |
| 689 | 1 | 2 | |d s |0 (DE-588)4120630-7 |0 (DE-627)105775134 |0 (DE-576)20953673X |a Kunstmarkt |2 gnd |
| 689 | 1 | 3 | |a z |2 gnd |a Geschichte 1800-1900 |
| 689 | 1 | |5 DE-101 | |
| 689 | 2 | 0 | |d b |0 (DE-588)1005130-2 |0 (DE-627)103052003 |0 (DE-576)191160326 |a Hôtel Drouot |2 gnd |
| 689 | 2 | 1 | |a z |2 gnd |a Geschichte |
| 689 | 2 | |5 (DE-627) | |
| 689 | 3 | 0 | |d g |0 (DE-588)4044660-8 |0 (DE-627)106204734 |0 (DE-576)209061790 |a Paris |2 gnd |
| 689 | 3 | 1 | |d s |0 (DE-588)4033647-5 |0 (DE-627)104476397 |0 (DE-576)209002956 |a Kunsthandel |2 gnd |
| 689 | 3 | 2 | |d s |0 (DE-588)4223608-3 |0 (DE-627)104993022 |0 (DE-576)21029101X |a Kunstauktion |2 gnd |
| 689 | 3 | 3 | |a z |2 gnd |a Geschichte 1800-1900 |
| 689 | 3 | |5 (DE-627) | |
| 751 | |a Berlin |0 (DE-588)4005728-8 |0 (DE-627)10482638X |0 (DE-576)208862560 |4 uvp | ||
| 776 | 0 | 8 | |i Erscheint auch als |n Online-Ausgabe |a Fuchsgruber, Lukas |t Das Spektakel der Auktion |d Berlin : Diaphanes, 2020 |h 1 Online-Ressource (230 pages) |w (DE-627)1738830462 |z 9783035803990 |
| 787 | 0 | 8 | |i Rezensiert in |a Dumas, Margaux |t [Rezension von: Lukas Fuchsgruber, Das Spektakel der Auktion. Die Gründung des Hôtel Drouot und die Entwicklung des Pariser Kunstmarkts im 19. Jahrhundert] |d 2023 |w (DE-627)1882979885 |
| 830 | 0 | |a Passagen |v Band 60 |9 60 |w (DE-627)508058090 |w (DE-576)078946778 |w (DE-600)2224053-6 |x 2104-9777 |7 am | |
| 856 | 4 | 2 | |u http://deposit.dnb.de/cgi-bin/dokserv?id=c28243c3a45c45329cffc0ab295ac7e1&prov=M&dok_var=1&dok_ext=htm |m X:MVB |q text/html |v 2020-05-13 |x Verlag |3 Inhaltstext |7 1 |
| 856 | 4 | 2 | |u https://d-nb.info/1209821559/04 |m B:DE-101 |q application/pdf |v 2021-02-24 |x Verlag |3 Inhaltsverzeichnis |7 1 |
| 936 | r | v | |a LH 60100 |b Kunsthandel und Kunstmarkt |k Kunstgeschichte |k Allgemeines. Allgemeine Kunstgeschichte |k Bildende Kunst unter wirtschaftlichem Aspekt |k Kunsthandel und Kunstmarkt |0 (DE-627)127065117X |0 (DE-625)rvk/94169: |0 (DE-576)20065117X |
| 936 | b | k | |a 20.14 |j Kunsthandel |0 (DE-627)106406302 |
| 951 | |a BO | ||
| 990 | |a Hôtel Drouot | ||
| 990 | |a Gründung | ||
| 990 | |a Geschichte | ||
| 990 | |a Paris | ||
| 990 | |a Kunsthandel | ||
| 990 | |a Kunstmarkt | ||
| 990 | |a Geschichte 1800-1900 | ||
| 990 | |a Hôtel Drouot | ||
| 990 | |a Geschichte | ||
| 990 | |a Paris | ||
| 990 | |a Kunsthandel | ||
| 990 | |a Kunstauktion | ||
| 990 | |a Geschichte 1800-1900 | ||
| 991 | |a Rezensiertes Werk | ||
| 999 | |a KXP-PPN1698206844 |e 4967447732 | ||


